2020 MLB Postseason - Statistics

General Stats
  • This quiz has been taken 1,400 times
  • The average score is 13 of 16
Answers on the Map
Answers color-coded by a green-red scale on the quiz's map according to % correct below.
 
Answer Stats
Team % Correct
Los Angeles Dodgers
99%
Oakland Athletics
95%
Tampa Bay Rays
95%
Houston Astros
93%
New York Yankees
92%
Atlanta Braves
90%
Cincinnati Reds
88%
San Diego Padres
80%
Chicago Cubs
79%
Miami Marlins
78%
Chicago White Sox
76%
Milwaukee Brewers
75%
St. Louis Cardinals
74%
Cleveland Indians
73%
Minnesota Twins
69%
Toronto Blue Jays
69%
No matching quizzes found
Score Distribution
Percent of People with Each Score
Percentile by Number Answered
Your Score History
You have not taken this quiz